| 000 | 00881nam a2200229 a 4500 | ||
|---|---|---|---|
| 001 | 80920 | ||
| 003 | BD-RjUL | ||
| 005 | 20221207115704.0 | ||
| 008 | 221207s2021 bg ||||| |||| 00| 0 ben d | ||
| 020 | _a9789840760831 | ||
| 035 | _a(BD-RjUL)80920 | ||
| 040 |
_aBD-RjUL _beng _cBD-RjUL |
||
| 041 | _aben | ||
| 082 |
_223 _a954.9205092 _bHAB 2021 |
||
| 100 |
_aহক, কামরুল _96210 |
||
| 245 |
_aবঙ্গবন্ধু ও সংবাদপত্র : _bছয়দফা থেকে গণঅভ্যুত্থান / _c কামরুল হক |
||
| 260 |
_aঢাকা : _bবাংলা একাডেমি, _c২০২১ |
||
| 300 |
_a২২৪ পৃ.; _c২২ সেমি. |
||
| 600 |
_aমুজিবুর রহমান, শেখ, _d১৯২০-১৯৭৫ |
||
| 600 |
_aMujibur Rahman, Sheikh, _d1920-1975 |
||
| 942 |
_2ddc _cBK |
||
| 999 |
_c80920 _d80920 |
||